| 000 | 00748nam a22002297a 4500 | ||
|---|---|---|---|
| 999 |
_c21339 _d21339 |
||
| 003 | AR-CdUCM | ||
| 008 | 190415b ||||| |||| 00| 0 spa d | ||
| 040 |
_aMUNICIPALIDAD PROVINCIAL DEL CUSCO _cBIBLIOTECA MUNICIPAL DEL CUSCO |
||
| 082 |
_a985.720/SA17 _bSA17 |
||
| 100 |
_aSalas Delgado, Dante _932070 |
||
| 245 |
_aCusco Inka : _bCity tour / |
||
| 260 |
_aCusco ; _c2018. |
||
| 300 |
_a115 Páginas. : _c24 cm. |
||
| 500 | _aTexto en idioma Castellano e Inglés. | ||
| 505 | _aContenido: History -- Cosmovisión -- Astronomía -- Arquitectura -- Religión | ||
| 650 |
_aCosmovisión _919959 |
||
| 650 |
_aArquitectura _93356 |
||
| 650 |
_aInka _9630 |
||
| 700 |
_aSalas Delgado, Orlando _932071 |
||
| 942 |
_2ddc _cLIBROS |
||
| 945 | _aRoel | ||